[Event "Skalica op-B"]
[Site "Skalica"]
[Date "2022.08.25"]
[Round "6"]
[White "Hasala, Richard"]
[Black "Wohlgenannt, Nicolas"]
[Result "1-0"]
[WhiteElo "1487"]
[BlackElo "1726"]
[PlyCount "63"]
[EventDate "2022.08.20"]
[EventType "swiss"]
[EventRounds "9"]
[EventCountry "SVK"]
[SourceTitle "CBM 209 Extra"]
[Source "ChessBase"]
[SourceDate "2022.09.30"]
[SourceVersion "1"]
[SourceVersionDate "2022.09.30"]
[SourceQuality "1"]

1. e4 c6 2. d4 d5 3. exd5 cxd5 4. Bd3 Nc6 5. c3 Qc7 6. h3 g6 7. Nf3 Bf5 8. Bxf5 gxf5 9. Qd3 e6 10. Bg5 Be7 11. Bxe7 Ngxe7 12. Na3 Ng6 13. g3 h5 14. h4 f4 15. Ng5 0-0-0 16. 0-0-0 Kb8 17. Nxe6 Nb4 18. Nxc7 Nxd3+ 19. Rxd3 Kxc7 20. gxf4 Rde8 21. f5 Ne7 22. Rf3 Nc6 23. Nc2 Re4 24. Ne3 Kd6 25. f6 Nd8 26. Rf5 Ke6 27. Re5+ Rxe5 28. dxe5 Kxe5 29. Rd1 Nc6 30. Rxd5+ Kxf6 31. Rd7 b6 32. Rd6+ 1-0

[Event "AUT-ch U10"]
[Site "St Kanzian"]
[Date "2018.06.02"]
[Round "6.8"]
[White "Wohlgenannt, Nicolas"]
[Black "Ernst, Robert"]
[Result "1/2-1/2"]
[WhiteElo "1276"]
[BlackElo "1223"]
[PlyCount "101"]
[EventDate "2018.06.01"]
[EventType "swiss"]
[EventRounds "7"]
[EventCountry "AUT"]
[SourceTitle "EXT 2024"]
[Source "ChessBase"]
[SourceDate "2023.10.10"]
[SourceVersion "1"]
[SourceVersionDate "2023.10.10"]
[SourceQuality "1"]

1. e4 e5 2. Nf3 Nc6 3. d4 exd4 4. Bc4 Nf6 5. e5 d5 6. Bb5 Ne4 7. Nxd4 Bd7 8. Bxc6 bxc6 9. 0-0 Bc5 10. Be3 Bb6 11. Nd2 Nc5 12. Re1 Ne6 13. Nxe6 Bxe6 14. Nb3 0-0 15. Nd4 Bd7 16. f4 Re8 17. Qf3 Bxd4 18. Bxd4 Qh4 19. Qg3 Qxg3 20. hxg3 a6 21. Rac1 Rab8 22. b3 Bf5 23. c4 Rb7 24. Rc3 Be6 25. cxd5 cxd5 26. Rec1 Rc8 27. Rc6 a5 28. Ra6 Rb5 29. Ra7 c6 30. Bc3 h6 31. Rxa5 d4 32. Rxb5 cxb5 33. Bd2 Rxc1+ 34. Bxc1 Kf8 35. Kf2 Ke7 36. Kf3 Bd5+ 37. Ke2 Bxg2 38. Kd3 Kd7 39. Kxd4 Kc6 40. Ba3 Bd5 41. Bf8 g6 42. Bxh6 Be6 43. Bf8 Kb6 44. Kc3 Kc6 45. Kb4 Kb6 46. a4 bxa4 47. Kxa4 Bd7+ 48. Ka3 Kb5 49. b4 Be6 50. Kb2 Kc4 51. Kc2 1/2-1/2

[Event "AUT-ch U10"]
[Site "St Kanzian"]
[Date "2017.06.17"]
[Round "5.9"]
[White "Peraus, Tizian"]
[Black "Wohlgenannt, Nicolas"]
[Result "1/2-1/2"]
[WhiteElo "1184"]
[BlackElo "1231"]
[PlyCount "102"]
[EventDate "2017.06.16"]
[EventType "swiss"]
[EventRounds "7"]
[EventCountry "AUT"]
[SourceTitle "EXT 2024"]
[Source "ChessBase"]
[SourceDate "2023.10.10"]
[SourceVersion "1"]
[SourceVersionDate "2023.10.10"]
[SourceQuality "1"]

1. e4 e5 2. Nf3 Nc6 3. d4 exd4 4. Nxd4 Nf6 5. Nc3 Bb4 6. Nxc6 bxc6 7. Bd3 0-0 8. Bg5 h6 9. Bh4 d6 10. 0-0 Be6 11. Qf3 Bxc3 12. bxc3 Re8 13. Bxf6 Qxf6 14. Qxf6 gxf6 15. c4 d5 16. cxd5 cxd5 17. exd5 Bxd5 18. c4 Bc6 19. Rab1 Rab8 20. Rb3 Rxb3 21. axb3 Rb8 22. Bc2 Kh8 23. h3 Rg8 24. g3 Bd7 25. h4 Re8 26. Ra1 Bc6 27. g4 Re2 28. Bf5 Rb2 29. Rxa7 Rxb3 30. Rxc7 Bf3 31. Rxf7 Rc3 32. Be6 Rc1+ 33. Kh2 Rh1+ 34. Kg3 Be4 35. f3 Bg6 36. Rxf6 Kg7 37. g5 Rg1+ 38. Kf4 hxg5+ 39. hxg5 Ra1 40. Bd5 Ra4 41. Ke5 Ra5 42. f4 Bh5 43. f5 Ra1 44. g6 Re1+ 45. Be4 Rxe4+ 46. Kxe4 Kxf6 47. c5 Bd1 48. Kd5 Bc2 49. Kd6 Bxf5 50. c6 Kxg6 51. c7 Kg5 1/2-1/2

[Event "AUT-ch U10"]
[Site "St Kanzian"]
[Date "2017.06.16"]
[Round "1.9"]
[White "Schicho, Michael"]
[Black "Wohlgenannt, Nicolas"]
[Result "1-0"]
[WhiteElo "987"]
[BlackElo "1231"]
[PlyCount "51"]
[EventDate "2017.06.16"]
[EventType "swiss"]
[EventRounds "7"]
[EventCountry "AUT"]
[SourceTitle "EXT 2024"]
[Source "ChessBase"]
[SourceDate "2023.10.10"]
[SourceVersion "1"]
[SourceVersionDate "2023.10.10"]
[SourceQuality "1"]

1. e4 e5 2. Nf3 Nc6 3. Bb5 a6 4. Ba4 Nf6 5. 0-0 d6 6. Re1 Be7 7. h3 0-0 8. c3 Bd7 9. d3 Re8 10. Nbd2 Be6 11. Nf1 Qd7 12. d4 b5 13. Bc2 exd4 14. cxd4 Bc4 15. Ng3 b4 16. b3 Bxb3 17. Bxb3 Na5 18. Bc2 Nc6 19. Ba4 a5 20. d5 Qc8 21. Bxc6 Ra6 22. Nf5 Qd8 23. Be3 g6 24. Nxe7+ Qxe7 25. Bb7 Qxe4 26. Bxa6 1-0